00420nam a2200193Ia 4500003000900000008004100009040001300050040001300063041000800076100001600084100000800100245005200108250000900160260001900169260000900188300001100197300001200208490000600220IT-RoPAU120407s9999 xx 000 0 und d aIT-RoPAU cIT-RoPAU aita aF. Ceuppens cop. aDe Prophetiis messianicis in Antiquo Testamento aRoma aColl. Angelico c1935 a562 p. c24,5 cm v1